000 01087nam a22002775a 4500
001 581
005 20230619094628.0
008 120905s2013 nyu 000 0 eng
020 _a9780688221140 (hardcover bdg.)
020 _a9780380709168 (pbk. bdg.)
040 _aDLC
_cDLC
_beng
050 _aPZ7.C5792
082 _aFic
100 1 _aCleary, Beverly.
245 1 0 _aRamona and her father /
_cBeverly Cleary, Jacqueline Rogers ; [edited by] Barbara Lalicki.
250 _aReillustrated ed.
260 _aNew York, NY :
_bHarperCollins,
_c2013.
300 _a165, 15 pages
_billustrations
_c20 cm
505 _aO
520 _aRamona and Her Father is the fourth book in Beverly Cleary's popular Ramona Quimby series. In this humorous children's novel, Mr. Quimby loses his job and Ramona thinks up ways to earn money and help her family out. Published in 1977, Ramona and Her Father was a Newbery Honor Book.
521 _a840
_bLexile
521 _aO
_bRaz-Plus
650 _aunemployment
906 _a0
_bibc
_corignew
_d2
_eepcn
_f20
_gy-gencatlg
942 _2ddc
_cBK
_n0
999 _c581
_d581